000 03705nam a2200337 a 4500
001
003 DO-SdBNP
005 20211004083814.0
008 091202s 2012 dr r 000 0 spa d
020 _a9789945443783
040 _aDO-SdBNP
_bspa
_cBPMSU
082 4 _aRD864.42
_bH519a 2012
_222
100 1 _aHenríquez Ureña, Pedro,
_d1884-1946
245 1 0 _aPedro Henríquez Ureña :
_bantología mínima /
_cPrólogo, selección y apéndices José Alcántara Almánzar.
260 _aSanto Domingo :
_bBanco Central de la República Dominicana,
_c2012.
300 _a391 p. ;
_c24 cm.
490 0 _aBanco Central de la República Dominicana ;
_aArte y literatura
_v65/25
500 _aIncluye datos biográficos del autor en la solapa de la cubierta
505 2 _tPrólogo /
_rJosé Alcántara Almánzar --
_tEnsayos críticos (1905) --
_tAriel --
_tSociología --
_tEstudio de Lluria sobre la naturaleza y el problema social --
_gHoras de estudio (1910) --
_tLa sociología de Hostos --
_tRubén Dario --
_tLa Catedral --
_tVida intelectual en Santo Domingo --
_tLiteratura histórica --
_tJosé Joaquín Pérez --
_tGastón F. Deligne --
_gEn la orilla. Mi España (1922) --
_tEl espíritu y las máquinas --
_tGoyescas --
_tLa obra de Juan Ramón Jiménez --
_tLos valores literarios --
_tLos clásicos españoles --
_tAzorín y Menéndez Pelayo --
_tEl criterio académico --
_tLa verdadera labor de Menéndez Pelayo --
_tAntiguos y modernos --
_tAzorín renovador --
_tLas antologías de prosistas --
_tLa antología de Menéndez Pidal --
_tLa prosa castellana --
505 2 _gSeis ensayos en busca de nuestra expresión (1928) -- -
_tEl descontento y la promesa --
_tTradición y rebelión --
_tEl problema del idioma --
_tLas fórmulas del americanismo --
_tEl afán europeizante --
_tLa energía nativa --
_tEl ansia de perfección --
_tEl futuro --
_gCaminos de nuestra historia literaria --
_tLas tablas de valores --
_tNacionalismos --
_tAmérica y la exuberancia --
_tAmérica buena y América mala --
_tAmérica buena y América mala --
_gHacia el nuevo teatro --
_tLa historia del escenario --
_tEl odiado siglo XIX--
_tPara qué que sirve el realismo? --
_tLa solución artística --
_tLas troyanas --
_tSolución radical --
_tLa mejor solución --
_tEn España --
_tEn nuestra América --
_tAlfonso Reyes --
_tVeinte años de literatura en los Estados Unidos --
_gPlenitud de España. Estudios de historia de la cultura (1940-1945) --
_tEspaña en la cultura moderna --
_tLope de Vega --
_tTradición e innovación --
_tEsplendor, eclipse y resurgimiento --
_tLa celestina --
_tLas novelas ejemplares -
_tTirso de Molina --
_tCalderón --
_tGóngora --
_gArtículos y conferencias --
_tLa cultura de las humanidades --
_tLa influencia de la revolucóin en la vida intelectual en México --
_tEnriquillo --
_tCiudadano de América --
_tDon Ramón del Valle Inclán --
_tEl amigo de América --
_tPurificaciones --
_tAscensión --
_tSaber y conversación --
_tNotas bibliográficas --
_gApéndice I --
_tPedro Henríquez Ureña ante la cultura y las letras dominicanas --
_gApéndice II --
_tAspectos sociológicos en la obra de Pedro Henríquez Ureña --
_tNotas de apéndices --
_tNotas bio-bibliográficas --
_tPedro Henríquez Ureña --
_tJosé Alcántara Almánzar.
590 _aInventariado, 2021VM
600 1 0 _aHenríquez Ureña, Pedro,
_d1884-1946
_xColecciones de escritos
600 1 0 _aHenríquez Ureña, Pedro,
_d1884-1946
_xCrítica e interpretación
650 1 4 _aLiteratura dominicana.
650 1 4 _aAntología literaria
650 1 4 _aEnsayos dominicanos
700 1 2 _aAlcántara Almánzar, José,
_epról.
830 0 _aBanco Central de la República Dominicana.
_v65
_pArte y literatura
_n25
910 _a VMateo V.
942 _2ddc
_cBK
999 _c13750
_d13750